LIBRARY & INFORMATION CENTRE, KCAET, TAVANUR

ONLINE PUBLIC ACCESS CATALOGUE (OPAC)

Industrial engineering and management science / (Record no. 11111)

MARC details
000 -LEADER
fixed length control field 00487cam a2200193ua 4500
041 ## - LANGUAGE CODE
Language code of text/sound track or separate title eng
082 ## - DEWEY DECIMAL CLASSIFICATION NUMBER
Classification number 658.501
Item number BAN/IN
100 ## - MAIN ENTRY--AUTHOR NAME
Personal name Banga, T.R.
245 ## - TITLE STATEMENT
Title Industrial engineering and management science /
260 ## - PUBLICATION, DISTRIBUTION, ETC. (IMPRINT)
Place of publication Delhi :
Name of publisher Khanna publishers ,
Year of publication 1992.
300 ## - PHYSICAL DESCRIPTION
Number of Pages 849 ; .
700 1# - ADDED ENTRY--PERSONAL NAME
Personal name Agarwal, N K .
700 1# - ADDED ENTRY--PERSONAL NAME
Personal name Sharma, S.C.
942 ## - ADDED ENTRY ELEMENTS (KOHA)
Koha item type Books
Holdings
Withdrawn status Lost status Damaged status Home library Current library Date acquired Full call number Accession Number Koha item type
      KAUAET KAUAET 07/04/2012 658.501 BAN/IT 18059 Books
free website counter